000 00700nam a2200289Ia 4500
005 20260324112403.0
008 008 260324s9999 xx 000 0 eng d
020 _a9781003349600
037 _aEBOOK
040 _aCRL
040 _beng
040 _cCRL
041 _2eng
041 _aeng
084 _qCRL
100 _aPeter Hawkins
_91142481
245 0 _aBeauty in Leadership and Coaching
245 4 _bAnd Its Role in Transforming Human Consciousness
260 _bTaylor and Francis
260 _c2024
365 _a
365 _b195
856 _uhttp://www.taylorfrancis.com/books/9781003349600
942 _cEBOOK
999 _c1731670
_d1731670